00876nam a2200253Ia 450000500170000000800410001702000150005804100080007310000270008124500790010825000220018730000390020949000510024865000350029965000390033465000350037370000310040826400490043933600270048833700330051533800280054804000350057608400110061120220316235503.0121119s2003 mx gr 000 0 spa  a96816600560 aspa1 aMansour Manzur, Vivian10aFamilias familiarescVivian Mansour Mazur ; ilustraciones de Juan Gedovius aSegunda edición a40 páginasbilustracionesc19 cm0 aA la orilla del viento. Para los que leen bien14aNovela infantil mexicana2LEMB14aLiteratura infantil mexicana2LEMB14aFamilia en la literatura2LEMB1 aGedovius, Juandilustrador aMéxicobFondo de Cultura Económicac2003 atextobtxt2rdacontent asin mediaciónbn2rdamedia avolumenbnc2rdacarrier aCO-BoRNBPbspaerdacCO-BoRNBP aC MAN3